[Event "Politiken Cup 11th"]
[Site "Copenhagen"]
[Date "1989.06.21"]
[Round "4"]
[White "Sznapik, Aleksander"]
[Black "Iskov, Gert"]
[Result "1-0"]
[WhiteElo "2455"]
[BlackElo "2325"]
[PlyCount "61"]
[EventDate "1989.06.18"]
[EventType "swiss"]
[EventRounds "10"]
[EventCountry "DEN"]
[SourceTitle "EXT 2000"]
[Source "ChessBase"]
[SourceDate "1999.11.16"]
[SourceVersion "1"]
[SourceVersionDate "1999.11.16"]
[SourceQuality "1"]

1. e4 d5 2. exd5 Nf6 3. d4 Nxd5 4. Nf3 g6 5. Be2 Bg7 6. 0-0 0-0 7. c4 Nb6 8. h3 c6 9. Nc3 Be6 10. b3 c5 11. Be3 Nc6 12. d5 Bxc3 13. dxe6 fxe6 14. Bxc5 Bxa1 15. Qxa1 Nd7 16. Be3 Qc7 17. Ng5 Rf6 18. Bg4 Nf8 19. Ne4 Rf7 20. Nc5 h5 21. Bf3 Rxf3 22. gxf3 Ne5 23. Kg2 Rd8 24. Re1 Nf7 25. Ne4 Nh7 26. Qb1 Kg7 27. Nc5 Nf8 28. Qe4 Nd6 29. Qe5+ Kf7 30. Bh6 Ne8 31. Qh8 1-0

[Event "Copenhagen Obro op"]
[Site "Copenhagen"]
[Date "1989.??.??"]
[Round "5"]
[White "Balinov, Ilia"]
[Black "Iskov, Gert"]
[Result "1-0"]
[WhiteElo "2270"]
[BlackElo "2325"]
[PlyCount "66"]
[EventDate "1989.??.??"]
[EventType "swiss"]
[EventRounds "9"]
[EventCountry "DEN"]
[SourceTitle "EXT 1997"]
[Source "ChessBase"]
[SourceDate "1996.11.15"]
[SourceVersion "1"]
[SourceVersionDate "1996.11.15"]
[SourceQuality "1"]

1. e4 d5 2. exd5 Nf6 3. d4 Nxd5 4. c4 Nb6 5. Nf3 g6 6. Be2 Bg7 7. 0-0 Bg4 8. c5 Nd5 9. Qb3 b6 10. Nc3 Nxc3 11. bxc3 0-0 12. Bg5 Be6 13. Bc4 Bxc4 14. Qxc4 Nd7 15. Rad1 Nf6 16. Rfe1 e6 17. Ne5 Re8 18. Rd3 Qd5 19. Qa4 h6 20. c4 Qd8 21. Bh4 a6 22. Bxf6 Bxf6 23. Nd7 Bg7 24. c6 Qg5 25. g3 b5 26. Qb3 bxc4 27. Qxc4 Qd5 28. Qc2 a5 29. Re5 Qd6 30. f4 Qb4 31. a3 Qd6 32. Qc4 Kh8 33. Rc5 a4 1-0

[Event "Copenhagen Obro op"]
[Site "Copenhagen"]
[Date "1989.??.??"]
[Round "7"]
[White "Hartvig, Ove Weiss"]
[Black "Iskov, Gert"]
[Result "0-1"]
[WhiteElo "2225"]
[BlackElo "2325"]
[PlyCount "54"]
[EventDate "1989.??.??"]
[EventType "swiss"]
[EventRounds "9"]
[EventCountry "DEN"]
[SourceTitle "EXT 1997"]
[Source "ChessBase"]
[SourceDate "1996.11.15"]
[SourceVersion "1"]
[SourceVersionDate "1996.11.15"]
[SourceQuality "1"]

1. e4 c5 2. Nf3 e6 3. d4 cxd4 4. Nxd4 a6 5. g3 d5 6. e5 Ne7 7. Bg2 Nbc6 8. Nxc6 Nxc6 9. 0-0 Be7 10. f4 Qb6+ 11. Kh1 0-0 12. b3 f6 13. exf6 Bxf6 14. c3 Bd7 15. Bb2 Ne7 16. Qd2 Nf5 17. Re1 Rac8 18. Na3 Rfd8 19. Rac1 Qa5 20. Red1 Be7 21. b4 Qa4 22. Ra1 a5 23. Nc2 axb4 24. Ne3 Nxe3 25. Qxe3 Bf6 26. Rdc1 bxc3 27. Rxc3 d4 0-1

[Event "Berliner Sommer 07th"]
[Site "Berlin West"]
[Date "1989.??.??"]
[Round "?"]
[White "Iskov, Gert"]
[Black "Dimitrov, Vladimir"]
[Result "0-1"]
[WhiteElo "2325"]
[BlackElo "2420"]
[PlyCount "136"]
[EventDate "1989.08.12"]
[EventType "swiss"]
[EventRounds "9"]
[EventCountry "GER"]
[SourceTitle "EXT 2008"]
[Source "ChessBase"]
[SourceDate "2007.11.25"]
[SourceVersion "1"]
[SourceVersionDate "2007.11.25"]
[SourceQuality "1"]

1. e4 e6 2. d4 d5 3. exd5 exd5 4. Nf3 Bd6 5. c4 c6 6. Bd3 Ne7 7. 0-0 Nd7 8. c5 Bc7 9. Bg5 Nf8 10. Re1 Ne6 11. Bh4 h6 12. Nbd2 0-0 13. Nf1 Qd7 14. Bg3 Nf4 15. Bxf4 Bxf4 16. Ne5 Qd8 17. Ng3 f6 18. Nf3 Bc7 19. Qe2 Rf7 20. Nh4 f5 21. Qh5 Qf8 22. Re2 Bd7 23. Rae1 Ba5 24. Rb1 Rf6 25. f4 g6 26. Qf3 g5 27. fxg5 hxg5 28. Rxe7 Qxe7 29. Nhxf5 Qf7 30. Qg4 Bd2 31. Rf1 Rf8 32. h4 Qh7 33. Rf3 Qxh4 34. Ne7+ Kg7 35. Nh5+ Kh6 36. Qxh4 Rxf3 37. Ng8+ Rxg8 38. Qh2 Rxd3 39. Nf4+ Kg7 40. Nxd3 Be3+ 41. Kf1 Bxd4 42. Qc7 Rf8+ 43. Ke1 Rf7 44. Qxb7 Bf5 45. Qxc6 Bxd3 46. Qxd5 Bf2+ 47. Kd2 Bf5 48. Qe5+ Kg6 49. Qe8 Kg7 50. Qe5+ Kg6 51. Qe8 Bd4 52. b4 Kg7 53. b5 Bf6 54. c6 Re7 55. Qb8 Be5 56. Qd8 Kf7 57. Qd5+ Kf6 58. Qd8 Bc7 59. Qh8+ Kg6 60. Qg8+ Rg7 61. Qe8+ Kh6 62. Qh8+ Bh7 63. Kd1 Rf7 64. Qd4 Bb6 65. Qd6+ Bg6 66. g4 Bc7 67. Qd4 Bg3 68. Qe3 Rf1+ 0-1

[Event "Berliner Sommer 07th"]
[Site "Berlin West"]
[Date "1989.??.??"]
[Round "?"]
[White "Razuvaev, Yuri S"]
[Black "Iskov, Gert"]
[Result "1-0"]
[WhiteElo "2545"]
[BlackElo "2325"]
[PlyCount "97"]
[EventDate "1989.08.12"]
[EventType "swiss"]
[EventRounds "9"]
[EventCountry "GER"]
[SourceTitle "EXT 2008"]
[Source "ChessBase"]
[SourceDate "2007.11.25"]
[SourceVersion "1"]
[SourceVersionDate "2007.11.25"]
[SourceQuality "1"]

1. d4 Nf6 2. c4 e6 3. Nf3 Bb4+ 4. Bd2 Qe7 5. g3 Nc6 6. Nc3 Bxc3 7. Bxc3 Ne4 8. Rc1 0-0 9. Bg2 d6 10. 0-0 e5 11. Be1 Bg4 12. d5 Nd8 13. Nh4 Ng5 14. f3 Nh3+ 15. Kh1 Bd7 16. e4 f6 17. Qc2 g6 18. Bd2 Ng5 19. f4 Ngf7 20. Nf3 b6 21. b4 Nb7 22. Be3 a5 23. a3 axb4 24. axb4 Ra3 25. Rce1 Rfa8 26. Bc1 Ba4 27. Qe2 Rb3 28. b5 Nc5 29. Nd2 Rc3 30. Rf3 Rc2 31. Qe3 exf4 32. gxf4 Re8 33. Qd4 g5 34. Rg3 h6 35. Bh3 Kf8 36. Qg1 Qd8 37. Qf1 Qe7 38. Qg1 Qd8 39. Rf3 Qe7 40. Bf5 gxf4 41. Nf1 Rxc1 42. Rxc1 Ng5 43. Ra3 Ngxe4 44. Bg6 Rd8 45. Qg2 f5 46. Bxf5 Nf6 47. Nd2 Re8 48. Rg1 Qe2 49. Qg7# 1-0

[Event "Politiken Cup 10th"]
[Site "Copenhagen"]
[Date "1988.??.??"]
[Round "7"]
[White "Bjerring, Kai"]
[Black "Iskov, Gert"]
[Result "1/2-1/2"]
[WhiteElo "2305"]
[BlackElo "2345"]
[PlyCount "73"]
[EventDate "1988.06.??"]
[EventType "swiss"]
[EventRounds "10"]
[EventCountry "DEN"]
[SourceTitle "TD"]
[Source "ChessBase"]
[SourceDate "1994.03.01"]
[SourceVersion "1"]
[SourceVersionDate "1994.03.01"]
[SourceQuality "1"]

1. e4 d5 2. exd5 Nf6 3. d4 Nxd5 4. c4 Nb6 5. Nc3 g6 6. Be3 Bg7 7. h3 0-0 8. Nf3 Nc6 9. Qd2 e5 10. d5 Na5 11. b3 e4 12. Nd4 c6 13. dxc6 Nxc6 14. Nxc6 bxc6 15. Qxd8 Rxd8 16. Rc1 f5 17. Be2 Be6 18. f3 exf3 19. Bxf3 Rd3 20. Nd1 Rc8 21. Ke2 Rd7 22. Nc3 Re7 23. Kf2 Nd7 24. Rhd1 Ne5 25. Na4 Nxf3 26. Kxf3 Bf7 27. Bc5 Rb7 28. Rd3 g5 29. Kf2 f4 30. Rcd1 Bg6 31. Rd7 Rxd7 32. Rxd7 Bb1 33. Bd4 Bxd4+ 34. Rxd4 Bxa2 35. Nc5 a5 36. h4 Rb8 37. Rd2 1/2-1/2

[Event "Troll Masters"]
[Site "Gausdal"]
[Date "1988.??.??"]
[Round "?"]
[White "Fossan, Petter"]
[Black "Iskov, Gert"]
[Result "1-0"]
[WhiteElo "2305"]
[BlackElo "2345"]
[PlyCount "41"]
[EventDate "1988.01.??"]
[EventType "swiss"]
[EventRounds "9"]
[EventCountry "NOR"]
[SourceTitle "EXT 1997"]
[Source "ChessBase"]
[SourceDate "1996.11.15"]
[SourceVersion "1"]
[SourceVersionDate "1996.11.15"]
[SourceQuality "1"]

1. e4 c5 2. c3 Nf6 3. e5 Nd5 4. d4 cxd4 5. Nf3 e6 6. cxd4 b6 7. Bd3 Ba6 8. 0-0 Be7 9. Nc3 Nxc3 10. bxc3 Bxd3 11. Qxd3 d5 12. exd6 Qxd6 13. Ba3 Qc7 14. Bxe7 Kxe7 15. Rad1 Nd7 16. d5 Qd6 17. Rfe1 Nf6 18. Nd4 Qxd5 19. Nf5+ Kf8 20. Qg3 Nh5 21. Qc7 1-0

[Event "Lyngby op"]
[Site "Lyngby"]
[Date "1988.??.??"]
[Round "1"]
[White "Iskov, Gert"]
[Black "Hoi, Carsten"]
[Result "1-0"]
[WhiteElo "2325"]
[BlackElo "2455"]
[PlyCount "75"]
[EventDate "1988.??.??"]
[EventType "swiss"]
[EventRounds "9"]
[EventCountry "DEN"]
[SourceTitle "TD"]
[Source "ChessBase"]
[SourceDate "1994.03.01"]
[SourceVersion "1"]
[SourceVersionDate "1994.03.01"]
[SourceQuality "1"]

1. e4 g6 2. d4 Bg7 3. Nc3 d6 4. f4 Nf6 5. Nf3 0-0 6. Bd3 Nc6 7. 0-0 Nb4 8. Be2 c5 9. d5 Bg4 10. a3 Na6 11. e5 dxe5 12. fxe5 Nd7 13. d6 e6 14. Bg5 Qb6 15. Be7 Bxf3 16. Bxf3 c4+ 17. Kh1 Nac5 18. Rb1 Nxe5 19. b4 cxb3 20. cxb3 Ncd3 21. Qd2 Nxf3 22. Qxd3 Ne5 23. Qg3 Rfe8 24. Ne4 f5 25. Nf6+ Bxf6 26. Bxf6 Ng4 27. Bg5 h6 28. d7 hxg5 29. dxe8Q+ Rxe8 30. h3 Nf6 31. Qxg5 Kg7 32. Rfd1 Re7 33. Rd3 Kf7 34. Rg3 e5 35. Qxg6+ Ke6 36. Rf1 f4 37. Rg5 Rf7 38. Qf5+ 1-0

[Event "Politiken Cup 10th"]
[Site "Copenhagen"]
[Date "1988.??.??"]
[Round "2"]
[White "Iskov, Gert"]
[Black "Nilsson, Nils Specht"]
[Result "1/2-1/2"]
[WhiteElo "2345"]
[BlackElo "2230"]
[PlyCount "38"]
[EventDate "1988.06.??"]
[EventType "swiss"]
[EventRounds "10"]
[EventCountry "DEN"]
[SourceTitle "TD"]
[Source "ChessBase"]
[SourceDate "1994.03.01"]
[SourceVersion "1"]
[SourceVersionDate "1994.03.01"]
[SourceQuality "1"]

1. e4 c5 2. Nc3 Nc6 3. Nge2 e6 4. g3 Nge7 5. Bg2 Nd4 6. 0-0 Nec6 7. d3 d6 8. f4 g6 9. Be3 Bg7 10. Qd2 0-0 11. g4 Nxe2+ 12. Qxe2 Nd4 13. Qf2 f5 14. exf5 exf5 15. g5 Be6 16. Nd5 Nc6 17. Rae1 Qd7 18. c3 Rae8 19. Re2 Ne7 1/2-1/2

[Event "Peer Gynt"]
[Site "Gausdal"]
[Date "1988.??.??"]
[Round "?"]
[White "Lindgren, Mats"]
[Black "Iskov, Gert"]
[Result "1-0"]
[WhiteElo "2230"]
[BlackElo "2325"]
[PlyCount "59"]
[EventDate "1988.08.??"]
[EventType "swiss"]
[EventRounds "9"]
[EventCountry "NOR"]
[SourceTitle "EXT 1997"]
[Source "ChessBase"]
[SourceDate "1996.11.15"]
[SourceVersion "1"]
[SourceVersionDate "1996.11.15"]
[SourceQuality "1"]

1. e4 d5 2. exd5 Nf6 3. c4 c6 4. d4 cxd5 5. Nc3 e6 6. Nf3 Bb4 7. Bd3 Nc6 8. 0-0 0-0 9. Re1 dxc4 10. Bxc4 a6 11. a3 Bxc3 12. bxc3 b5 13. Bd3 h6 14. a4 b4 15. c4 Bb7 16. Bb2 Qd6 17. Rc1 Qf4 18. d5 exd5 19. cxd5 Nxd5 20. Rc4 Qd6 21. Rg4 f6 22. Nh4 Nce7 23. Rxe7 Nxe7 24. Bh7+ Kxh7 25. Qxd6 Rad8 26. Rxg7+ Kh8 27. Rh7+ Kxh7 28. Qxe7+ Kg8 29. h3 Rf7 30. Qxd8+ 1-0

[Event "Lyngby op"]
[Site "Lyngby"]
[Date "1988.??.??"]
[Round "6"]
[White "Szekely, Peter"]
[Black "Iskov, Gert"]
[Result "1/2-1/2"]
[WhiteElo "2420"]
[BlackElo "2325"]
[PlyCount "20"]
[EventDate "1988.??.??"]
[EventType "swiss"]
[EventRounds "9"]
[EventCountry "DEN"]
[SourceTitle "TD"]
[Source "ChessBase"]
[SourceDate "1994.03.01"]
[SourceVersion "1"]
[SourceVersionDate "1994.03.01"]
[SourceQuality "1"]

1. Nf3 d5 2. c4 dxc4 3. Qa4+ c6 4. Qxc4 Nf6 5. g3 g6 6. b3 Bg7 7. Bb2 0-0 8. Bg2 Qa5 9. 0-0 Qh5 10. d3 Nbd7 1/2-1/2

[Event "Peer Gynt"]
[Site "Gausdal"]
[Date "1988.??.??"]
[Round "?"]
[White "Wegner, Hannu"]
[Black "Iskov, Gert"]
[Result "0-1"]
[WhiteElo "2290"]
[BlackElo "2325"]
[PlyCount "80"]
[EventDate "1988.08.??"]
[EventType "swiss"]
[EventRounds "9"]
[EventCountry "NOR"]
[SourceTitle "EXT 1997"]
[Source "ChessBase"]
[SourceDate "1996.11.15"]
[SourceVersion "1"]
[SourceVersionDate "1996.11.15"]
[SourceQuality "1"]

1. d4 Nf6 2. c4 e6 3. Nf3 Bb4+ 4. Bd2 Qe7 5. g3 Nc6 6. Nc3 Bxc3 7. Bxc3 Ne4 8. Rc1 d6 9. Bg2 0-0 10. d5 Nxc3 11. Rxc3 Nb8 12. dxe6 fxe6 13. 0-0 Nc6 14. Nd4 Bd7 15. Re3 Nxd4 16. Qxd4 Qf6 17. Qxf6 Rxf6 18. Rb3 Bc6 19. Bxc6 bxc6 20. Rb7 Rf7 21. Rc1 Kf8 22. c5 d5 23. Rc3 Ke8 24. Ra3 a6 25. Rb4 Kd7 26. Rba4 Rb8 27. Rb3 Rb5 28. Rxb5 axb5 29. Ra8 d4 30. b3 Rf5 31. Rg8 Rxc5 32. Rxg7+ Kd6 33. Rxh7 Rc2 34. Kf1 Rxa2 35. h4 c5 36. h5 c4 37. bxc4 bxc4 38. Ke1 c3 39. Kd1 Rd2+ 40. Ke1 d3 0-1

[Event "Politiken Cup 10th"]
[Site "Copenhagen"]
[Date "1988.??.??"]
[Round "10"]
[White "Wegner, Hannu"]
[Black "Iskov, Gert"]
[Result "1/2-1/2"]
[WhiteElo "2320"]
[BlackElo "2345"]
[PlyCount "23"]
[EventDate "1988.06.??"]
[EventType "swiss"]
[EventRounds "10"]
[EventCountry "DEN"]
[SourceTitle "TD"]
[Source "ChessBase"]
[SourceDate "1994.03.01"]
[SourceVersion "1"]
[SourceVersionDate "1994.03.01"]
[SourceQuality "1"]

1. e4 d5 2. exd5 Nf6 3. c4 c6 4. d4 cxd5 5. Nc3 e6 6. Nf3 Bb4 7. cxd5 exd5 8. Be2 Ne4 9. Bd2 Nxd2 10. Qxd2 0-0 11. 0-0 Nc6 12. a3 1/2-1/2

[Event "Politiken Cup 09th "]
[Site "Copenhagen"]
[Date "1987.??.??"]
[Round "1"]
[White "Iskov, Gert"]
[Black "Karlsson, Lars"]
[Result "0-1"]
[WhiteElo "2330"]
[BlackElo "2480"]
[PlyCount "102"]
[EventDate "1987.06.??"]
[EventType "swiss"]
[EventRounds "10"]
[EventCountry "DEN"]
[SourceTitle "EXT 1997"]
[Source "ChessBase"]
[SourceDate "1996.11.15"]
[SourceVersion "1"]
[SourceVersionDate "1996.11.15"]
[SourceQuality "1"]

1. e4 e6 2. d3 d5 3. Nd2 Nf6 4. Ngf3 c5 5. g3 Nc6 6. Bg2 Be7 7. 0-0 b6 8. Re1 Bb7 9. e5 Nd7 10. h4 h6 11. Nf1 Qc7 12. Qe2 0-0-0 13. N1h2 Kb8 14. c3 Rc8 15. Bd2 Qd8 16. Rab1 b5 17. d4 c4 18. b3 Nb6 19. bxc4 Nxc4 20. Rxb5 Ka8 21. Reb1 Ba6 22. R5b3 N6a5 23. Be1 Qd7 24. Rd1 Bb5 25. Ra1 Na3 26. Qb2 Bd3 27. Nd2 Rb8 28. Ng4 Nc2 29. Rb1 Nxb3 30. axb3 Rhc8 31. c4 Nxe1 32. Rxe1 Bxc4 33. Nxc4 Rxc4 34. Ne3 Rcb4 35. Qc2 Rc8 36. Qh7 Bf8 37. Bh3 Rxb3 38. Nxd5 Kb8 39. Ne3 Qxd4 40. Bg2 Qb4 41. Rd1 Bc5 42. Rd7 Bxe3 43. fxe3 Qg4 44. Kh2 Qg6 45. Qxg6 fxg6 46. Rxg7 Rc2 47. Kh3 Rxe3 48. Rxg6 h5 49. Rg8+ Kc7 50. Rg7+ Kd8 51. Bf1 a5 0-1

[Event "Politiken Cup 09th "]
[Site "Copenhagen"]
[Date "1987.??.??"]
[Round "2"]
[White "Iskov, Gert"]
[Black "Knudsen, John"]
[Result "1-0"]
[WhiteElo "2330"]
[BlackElo "2215"]
[PlyCount "39"]
[EventDate "1987.06.??"]
[EventType "swiss"]
[EventRounds "10"]
[EventCountry "DEN"]
[SourceTitle "EXT 1997"]
[Source "ChessBase"]
[SourceDate "1996.11.15"]
[SourceVersion "1"]
[SourceVersionDate "1996.11.15"]
[SourceQuality "1"]

1. e4 c5 2. Nf3 a6 3. c4 Nc6 4. d4 cxd4 5. Nxd4 e5 6. Nf5 d5 7. cxd5 Bxf5 8. exf5 Nd4 9. Nc3 Bb4 10. Bd3 Qxd5 11. 0-0 Bxc3 12. bxc3 Nc6 13. Qe2 Nf6 14. Bg5 0-0-0 15. Bc4 Qd7 16. Rab1 Qxf5 17. Bxa6 Rd7 18. Be3 Nd5 19. Rxb7 Nxc3 20. Rb3+ 1-0

[Event "Gausdal Masters"]
[Site "Gausdal"]
[Date "1987.??.??"]
[Round "?"]
[White "Kivisto, Mikko"]
[Black "Iskov, Gert"]
[Result "1-0"]
[WhiteElo "2355"]
[BlackElo "2330"]
[PlyCount "41"]
[EventDate "1987.??.??"]
[EventType "swiss"]
[EventRounds "9"]
[EventCountry "NOR"]
[SourceTitle "EXT 1999"]
[Source "ChessBase"]
[SourceDate "1998.11.16"]
[SourceVersion "1"]
[SourceVersionDate "1998.11.16"]
[SourceQuality "1"]

1. e4 c5 2. Nf3 g6 3. d4 cxd4 4. Nxd4 Nc6 5. Nc3 Bg7 6. Be3 Nf6 7. Be2 0-0 8. Nb3 a5 9. a4 d6 10. 0-0 Be6 11. Nd4 Nxd4 12. Bxd4 Rc8 13. Ra3 Nd7 14. Bxg7 Kxg7 15. Nb5 Qb6 16. Re3 Qc5 17. Nd4 Qb4 18. b3 Rc3 19. Nxe6+ fxe6 20. Qa1 Rfc8 21. Bc4 1-0

[Event "Politiken Cup 09th "]
[Site "Copenhagen"]
[Date "1987.??.??"]
[Round "5"]
[White "Nilsson, Nils Specht"]
[Black "Iskov, Gert"]
[Result "0-1"]
[WhiteElo "2230"]
[BlackElo "2330"]
[PlyCount "110"]
[EventDate "1987.06.??"]
[EventType "swiss"]
[EventRounds "10"]
[EventCountry "DEN"]
[SourceTitle "EXT 1997"]
[Source "ChessBase"]
[SourceDate "1996.11.15"]
[SourceVersion "1"]
[SourceVersionDate "1996.11.15"]
[SourceQuality "1"]

1. d4 Nf6 2. c4 e6 3. g3 Bb4+ 4. Bd2 a5 5. Bg2 0-0 6. a3 Be7 7. Nc3 d5 8. c5 Nc6 9. Bf4 b6 10. cxb6 cxb6 11. Rc1 Ba6 12. Nf3 Rc8 13. 0-0 b5 14. Bg5 h6 15. Bxf6 Bxf6 16. Re1 Qb6 17. e3 Ne7 18. Bf1 Nf5 19. a4 b4 20. Bxa6 Qxa6 21. Nb5 Nd6 22. Nxd6 Qxd6 23. Qd2 Rc6 24. Red1 Rfc8 25. Ne1 Qd7 26. Rxc6 Qxc6 27. b3 Be7 28. Rb1 Bd6 29. Nd3 Qc3 30. Qxc3 Rxc3 31. Ne1 f6 32. Kf1 Kf7 33. Ke2 e5 34. dxe5 fxe5 35. Kd2 Ke6 36. Nd3 e4 37. Nc1 d4 38. exd4 Rf3 39. Ke1 Kd5 40. Ne2 g5 41. Rb2 Be7 42. Rb1 Bf6 43. Rc1 Bxd4 44. Nxd4 Kxd4 45. Rc4+ Kd5 46. Rc8 Rxb3 47. Ra8 Kd4 48. Rxa5 Rb1+ 49. Ke2 Rb2+ 50. Ke1 Ra2 51. Ra8 b3 52. Rb8 Kc3 53. Rc8+ Kb4 54. a5 b2 55. Rb8+ Kc3 0-1

[Event "Troll Masters"]
[Site "Gausdal"]
[Date "1986.??.??"]
[Round "?"]
[White "Elseth, Roar"]
[Black "Iskov, Gert"]
[Result "0-1"]
[WhiteElo "2295"]
[BlackElo "2325"]
[PlyCount "64"]
[EventDate "1986.01.??"]
[EventType "swiss"]
[EventRounds "9"]
[EventCountry "NOR"]
[SourceTitle "EXT 1997"]
[Source "ChessBase"]
[SourceDate "1996.11.15"]
[SourceVersion "1"]
[SourceVersionDate "1996.11.15"]
[SourceQuality "1"]

1. e4 e5 2. Nf3 Nc6 3. Bb5 a6 4. Ba4 Nf6 5. 0-0 Be7 6. Re1 b5 7. Bb3 d6 8. c3 0-0 9. d4 Bg4 10. Be3 d5 11. exd5 exd4 12. dxc6 dxe3 13. Rxe3 Bc5 14. Re1 Qb8 15. Qd3 Qb6 16. Nd4 Rad8 17. Nd2 Bxd4 18. cxd4 Rxd4 19. Qe3 Rfd8 20. Nf3 Bxf3 21. Qxf3 Qc5 22. Rac1 Re4 23. Red1 Rxd1+ 24. Qxd1 Qe7 25. h3 g6 26. Qd2 Qe5 27. Qc3 Qxc3 28. Rxc3 Re1+ 29. Kh2 Ne4 30. Rd3 Rh1+ 31. Kxh1 Nxf2+ 32. Kh2 Nxd3 0-1

[Event "Troll Masters"]
[Site "Gausdal"]
[Date "1986.??.??"]
[Round "?"]
[White "Iskov, Gert"]
[Black "Donaldson, John W"]
[Result "0-1"]
[WhiteElo "2325"]
[BlackElo "2420"]
[PlyCount "82"]
[EventDate "1986.01.??"]
[EventType "swiss"]
[EventRounds "9"]
[EventCountry "NOR"]
[SourceTitle "EXT 1997"]
[Source "ChessBase"]
[SourceDate "1996.11.15"]
[SourceVersion "1"]
[SourceVersionDate "1996.11.15"]
[SourceQuality "1"]

1. e4 c5 2. Nf3 g6 3. d4 Bg7 4. c3 cxd4 5. cxd4 d5 6. e5 Nc6 7. Bb5 Nh6 8. 0-0 Bg4 9. Bxh6 Bxh6 10. h3 Bxf3 11. Bxc6+ bxc6 12. Qxf3 0-0 13. Qc3 Qb6 14. Nd2 Rfb8 15. Nb3 a5 16. Rab1 a4 17. Nc5 Qb4 18. Nd7 Qxc3 19. bxc3 Rd8 20. e6 fxe6 21. Ne5 Rdc8 22. Rb7 Bg5 23. Nd7 Bf4 24. Rfb1 Rc7 25. g3 Rxb7 26. Rxb7 Bd6 27. Nb6 Ra5 28. Nc8 Rb5 29. Nxd6 exd6 30. Ra7 Rb1+ 31. Kg2 Rc1 32. Rxa4 Rxc3 33. Ra7 e5 34. Ra4 Rc2 35. Kf3 exd4 36. Rxd4 Rxa2 37. Rb4 Ra7 38. Rb8+ Kf7 39. Rc8 c5 40. Kg4 Ke6 41. f4 d4 0-1

[Event "Troll Masters"]
[Site "Gausdal"]
[Date "1986.??.??"]
[Round "?"]
[White "Tisdall, Jonathan D"]
[Black "Iskov, Gert"]
[Result "1/2-1/2"]
[WhiteElo "2455"]
[BlackElo "2325"]
[PlyCount "32"]
[EventDate "1986.01.??"]
[EventType "swiss"]
[EventRounds "9"]
[EventCountry "NOR"]
[SourceTitle "EXT 1997"]
[Source "ChessBase"]
[SourceDate "1996.11.15"]
[SourceVersion "1"]
[SourceVersionDate "1996.11.15"]
[SourceQuality "1"]

1. e4 e6 2. d4 d5 3. Nc3 Nf6 4. Bg5 dxe4 5. Nxe4 Be7 6. Bxf6 gxf6 7. Nf3 b6 8. Bb5+ c6 9. Bc4 Bb7 10. Qe2 Qc7 11. 0-0-0 Nd7 12. Rhe1 0-0-0 13. Kb1 Kb8 14. Bb3 Rhg8 15. Ng3 Bf8 16. Nh5 Rxg2 1/2-1/2

[Event "Copenhagen Open-07 (Politiken Cup-06)"]
[Site "Brondby"]
[Date "1985.06.17"]
[Round "6"]
[White "Iskov, Gert"]
[Black "From, Sigfred"]
[Result "1-0"]
[WhiteElo "2325"]
[BlackElo "2245"]
[PlyCount "49"]
[EventDate "1985.06.12"]
[EventType "swiss"]
[EventRounds "10"]
[EventCountry "DEN"]
[SourceTitle "MCD"]
[Source "ChessBase"]
[SourceDate "1999.07.01"]
[SourceVersion "1"]
[SourceVersionDate "1999.07.01"]
[SourceQuality "1"]

1. e4 g6 2. d4 Bg7 3. Nc3 d6 4. f4 Nc6 5. Nf3 Bg4 6. Be3 Bxf3 7. gxf3 d5 8. Qd2 e6 9. 0-0-0 Nge7 10. h4 h5 11. Na4 a6 12. Bh3 b6 13. f5 exf5 14. exf5 Na5 15. fxg6 fxg6 16. Bg5 0-0 17. Qe2 Bf6 18. Bh6 Bg7 19. Qe6+ Kh7 20. Bg5 Bh6 21. Nc3 c6 22. Kb1 Bxg5 23. hxg5 Ra7 24. Bg4 Rh8 25. Qf7# 1-0

[Event "Time Manager Cup"]
[Site "Hillerod"]
[Date "1985.02.09"]
[Round "5"]
[White "Iskov, Gert"]
[Black "Fedder, Steen"]
[Result "0-1"]
[WhiteElo "2325"]
[BlackElo "2410"]
[PlyCount "74"]
[EventDate "1985.??.??"]
[EventType "tourn"]
[EventRounds "7"]
[EventCountry "DEN"]
[EventCategory "4"]
[SourceTitle "EXT 2004"]
[Source "ChessBase"]
[SourceDate "2003.11.25"]
[SourceVersion "1"]
[SourceVersionDate "2003.11.25"]
[SourceQuality "1"]

1. e4 c5 2. Nf3 d6 3. d4 cxd4 4. Nxd4 Nf6 5. Nc3 a6 6. Be2 e6 7. f4 Qc7 8. 0-0 Be7 9. Kh1 0-0 10. a4 Nc6 11. Be3 Bd7 12. Qe1 Rac8 13. Rd1 Kh8 14. Qg3 Qb8 15. Bf3 Nb4 16. e5 Ne8 17. f5 exf5 18. Nd5 Nxd5 19. Bxd5 dxe5 20. Nxf5 Bf6 21. Bg5 Bxf5 22. Rxf5 Bxg5 23. Qxg5 Nd6 24. Rf3 f5 25. Be6 Rcd8 26. Rfd3 e4 27. Rd4 Rf6 28. Bxf5 Rdf8 29. g4 Nxf5 30. gxf5 Rxf5 31. Qg2 e3 32. Rg1 Qc7 33. Rc4 Qf7 34. Re4 Rf2 35. Qg4 Qc7 36. Qh5 Qc6 37. Qg4 g6 0-1

[Event "Time Manager Cup"]
[Site "Hillerod"]
[Date "1985.01.26"]
[Round "3"]
[White "Reinert, Mads"]
[Black "Iskov, Gert"]
[Result "1/2-1/2"]
[WhiteElo "2260"]
[BlackElo "2325"]
[PlyCount "44"]
[EventDate "1985.??.??"]
[EventType "tourn"]
[EventRounds "7"]
[EventCountry "DEN"]
[EventCategory "4"]
[SourceTitle "EXT 2004"]
[Source "ChessBase"]
[SourceDate "2003.11.25"]
[SourceVersion "1"]
[SourceVersionDate "2003.11.25"]
[SourceQuality "1"]

1. e4 c5 2. d3 Nc6 3. f4 d6 4. Nf3 g6 5. c3 Bg7 6. Be2 Nf6 7. Nbd2 0-0 8. 0-0 b5 9. Qe1 b4 10. Qh4 bxc3 11. bxc3 Nh5 12. e5 dxe5 13. fxe5 Ba6 14. Qe4 Qd7 15. Nb3 f5 16. Qh4 Nxe5 17. Nxc5 Qd6 18. Nxa6 Qxa6 19. Nxe5 Bxe5 20. Bxh5 gxh5 21. d4 Bg7 22. Qxh5 Qc4 1/2-1/2

[Event "Time Manager Cup"]
[Site "Hillerod"]
[Date "1985.01.19"]
[Round "1"]
[White "Hoi, Carsten"]
[Black "Iskov, Gert"]
[Result "1-0"]
[WhiteElo "2380"]
[BlackElo "2325"]
[PlyCount "81"]
[EventDate "1985.??.??"]
[EventType "tourn"]
[EventRounds "7"]
[EventCountry "DEN"]
[EventCategory "4"]
[SourceTitle "EXT 2004"]
[Source "ChessBase"]
[SourceDate "2003.11.25"]
[SourceVersion "1"]
[SourceVersionDate "2003.11.25"]
[SourceQuality "1"]

1. d4 e6 2. Nf3 c5 3. g3 b6 4. Bg2 Bb7 5. c3 Be7 6. 0-0 Nf6 7. Bg5 0-0 8. Nbd2 cxd4 9. cxd4 Ne4 10. Bxe7 Qxe7 11. Ne5 f5 12. Nxe4 fxe4 13. Rc1 Bd5 14. Qc2 d6 15. Ng4 Nc6 16. Ne3 Rac8 17. Bxe4 Bxe4 18. Qxe4 d5 19. Qg4 h5 20. Qxh5 Nxd4 21. Rxc8 Rxc8 22. Qg4 Qf6 23. Nxd5 Nxe2+ 24. Kg2 Qf7 25. Ne3 Nc1 26. Nc4 Rf8 27. Rxc1 Qxf2+ 28. Kh1 Rf5 29. Nd6 Re5 30. Qf4 Qxf4 31. gxf4 Re2 32. Rb1 a6 33. Kg1 b5 34. Nb7 Re4 35. Nc5 Rxf4 36. Nxa6 Ra4 37. Nc7 b4 38. Nxe6 Rxa2 39. Nd4 Ra5 40. Rc1 Rd5 41. Rc4 1-0